000 00751nam a2200253Ia 4500
008 160803s9999 xx 000 0 und d
020 _a978-1423104087
100 _aRappaport, Doreen
245 _aAbe's honest words :
245 _cDoreen Rappaport ; illustrated by Kadir Nelson.
260 _aNew York :
260 _bHyperion Books for Children,
260 _c2008
300 _a1 volume (unpaged) :
300 _bcolor illustrations ;
300 _c29 cm
650 _aLincoln, Abraham, -- 1809-1865 --
650 _aLincoln, Abraham, -- 1809-1865.
650 _aPresidents -- United States -- Biography --
650 _aPresidents.
650 _xJuvenile literature.
650 _xJuvenile literature.
700 _a820
999 _c298344
_d298344